Drapeaux de pays d'asie - Statistiques

Statistiques générales
  • Ce quiz a été pris 776 fois
  • Le résultat moyen est 32 sur 47
Statistiques - réponses
Par images Réponse % Correct
Chine
100%
Inde
99%
Japon
98%
Chypre
96%
Turquie
95%
Corée du sud
93%
Vietnam
88%
Corée du nord
87%
Israël
86%
Nepal
84%
Qatar
84%
Arabie saoudite
83%
Iran
82%
Géorgie
81%
Indonésie
81%
Malaisie
78%
Kazakhstan
76%
Sri Lanka
76%
Bangladesh
74%
Pakistan
72%
Cambodge
69%
Philippines
69%
Afghanistan
68%
Arménie
67%
Bhoutan
67%
Singapour
67%
Thailande
67%
Ouzbékistan
65%
Taïwan
64%
Mongolie
63%
Azerbaïdjan
61%
Laos
61%
Brunei
57%
Turkménistan
57%
Maldives
56%
Koweït
55%
Émirats arabes unis
52%
Syrie
52%
Yémen
52%
Bahreïn
50%
Jordanie
50%
Oman
50%
Birmanie
48%
Kirghizistan
46%
Timor oriental
46%
Tadjikistan
40%
Liban
14%
Aucun quiz correspondant
Distribution des résultats
% des personnes avec chaque résultat
Percentile par nombre de réponses
Votre historique - résultats
Vous n’avez pas pris ce quiz